ბათუმის შოთა რუსთაველის სახელმწიფო უნივერსიტეტის ბიბლიოთეკა

ზოგადი თბოტექნიკა : სახელმძღ. / (ბიბ.ჩანაწერი № 37428)

000 -ლიდერი
ფიქსირებული სიგრძის საკონტროლო ველი 00947nam a2200217Ia 4500
001 - საკონტროლო ნომერი
საკონტროლო ველი 3387
003 - საკონტროლო ნომრის იდენტიფიკატორი
საკონტროლო ველი GE_BSU
005 - ბოლო ოპერაციის თარიღი და დრო
საკონტროლო ველი 20190607212538.0
008 - ფიქსირებული სიგრძის მონაცემთა ელემენტები - ზოგადი ინფორმაცია
ფიქსირებული სიგრძის საკონტროლო ველი 181216s1959|||| |||||||||||||| ||geo||
040 ## - კატალოგიზაციის წყარო
Transcribing agency GE_BSU
041 ## - ენის კოდი
Language code of text/sound track or separate title geo
080 ## - უნივერსალური ათობითი კლასიფიკაციის ინდექსი
Universal Decimal Classification number 621.1(075.8) ლ–81
100 ## - მთავარი ჩანაწერი - პიროვნების სახელი
Personal name ლომინაძე, შ.პ.
9 (RLIN) 2281
245 ## - ცნობა სათაურის შესახებ
Title ზოგადი თბოტექნიკა : სახელმძღ. /
Statement of responsibility, etc შ.პ. ლომინაძე, ; ი. ა. ტურაშვილი ; რედ : შ.პ.ლომინაძე.
264 ## - წარმოების, გამოცემის, დისტრიბუციის და სხვა ცნობები
გამოცემის, წარმოების, დისტრიბუციის... ადგილი თბილისი :
გამოცემის, წარმოების, დისტრიბუციის... სახელწოდება საქ. სას.–სამ. ინ–ტის გამ-ბა,
გამოცემის, წარმოების, დისტრიბუციის... თარიღი 1959.
300 ## - ფიზიკური აღწერა
Extent 520 გვ.:
Other physical details ილ.
Dimensions 27 სმ.
653 ## - INDEX TERM--UNCONTROLLED
Uncontrolled term ზოგადი თბოტექნიკა
700 ## - ADDED ENTRY--PERSONAL NAME
Personal name ტურაშვილი,ი.ა.
9 (RLIN) 2316
700 ## - ADDED ENTRY--PERSONAL NAME
Personal name ლომინაძე, შ.პ.
Relator term რედაქტორი
9 (RLIN) 2281
942 ## - ADDED ENTRY ELEMENTS (KOHA)
Koha item type წიგნი
Source of classification or shelving scheme
ეგზემპლარები
ჩამოწერის სტატუსი დაკარგული ეგზემპლარის სტატუსი კლასიფიკაციის წყარო ან თაროზე გაწყობის სქემა დაზიანების სტატუსი არ გაიცემა მუდმივი მდებარეობა (დაცვის ადგილი) ამჟამინდელი ადგილსამყოფელი თაროზე განთავსების ადგილი შეძენის თარიღი ღირებულება, შესყიდვის ნორმალური ფასი სრული შენახვის შიფრი შტრიხკოდი ბოლო ოპერაციის თარიღი ეგზემპლარის მიმდევრობითი ნომერი (კეტერი?) ფასის ძალაში შესვლის თარიღი ეგზემპლარის სახეობა საჯარო შენიშვნა
          ტექნოლოგიური ფაკულტეტის ბიბლიოთეკა ტექნოლოგიური ფაკულტეტის ბიბლიოთეკა წიგნსაცავი 2018-12-17 3.00 621.1(075.8) ლ–81 10647 2018-12-17 10647 2018-12-17 წიგნი 3 ლ. 20 თ.
          ტექნოლოგიური ფაკულტეტის ბიბლიოთეკა ტექნოლოგიური ფაკულტეტის ბიბლიოთეკა წიგნსაცავი 2018-12-17 3.00 621.1(075.8) ლ–81 10648 2018-12-17 10648 2018-12-17 წიგნი 3 ლ. 20 თ.
          ტექნოლოგიური ფაკულტეტის ბიბლიოთეკა ტექნოლოგიური ფაკულტეტის ბიბლიოთეკა წიგნსაცავი 2018-12-17 3.00 621.1(075.8) ლ–81 10649 2018-12-17 10649 2018-12-17 წიგნი 3 ლ. 20 თ.